ბათუმის შოთა რუსთაველის სახელმწიფო უნივერსიტეტის ბიბლიოთეკა

გზა ღია ევროპისკენ (ბიბ.ჩანაწერი № 42269)

000 -LEADER
fixed length control field 01028nam a2200241Ia 4500
001 - CONTROL NUMBER
control field 8964
003 - CONTROL NUMBER IDENTIFIER
control field GE_BSU
008 - FIXED-LENGTH DATA ELEMENTS--GENERAL INFORMATION
fixed length control field 181216s||||||||xx |||||||||||||| ||und||
020 ## - INTERNATIONAL STANDARD BOOK NUMBER
International Standard Book Number 9789941060595
040 ## - CATALOGING SOURCE
Transcribing agency GE_BSU
080 ## - UNIVERSAL DECIMAL CLASSIFICATION NUMBER
Universal Decimal Classification number 325.1+351.756.5
100 ## - MAIN ENTRY--PERSONAL NAME
Personal name კაჟმირკევიჩი,პიოტრ
245 ## - TITLE STATEMENT
Title გზა ღია ევროპისკენ
245 ## - TITLE STATEMENT
Remainder of title ადვოკატების სახ–ლო სამოქ. საზ. მიგრაციისა სავიზო პოლიტიკის გააზრება და მასზე ზემოქმედების მოხდენა
245 ## - TITLE STATEMENT
Statement of responsibility, etc. რედ.ლია კაჭარავა
260 ## - PUBLICATION, DISTRIBUTION, ETC.
Place of publication, distribution, etc. თბილისი
260 ## - PUBLICATION, DISTRIBUTION, ETC.
Name of publisher, distributor, etc. [გ.გ]
260 ## - PUBLICATION, DISTRIBUTION, ETC.
Date of publication, distribution, etc. 2013
300 ## - PHYSICAL DESCRIPTION
Extent 68გვ.22სმ.
653 ## - INDEX TERM--UNCONTROLLED
Uncontrolled term გზა ღია ევროპისკენ
653 ## - INDEX TERM--UNCONTROLLED
Uncontrolled term სავიზო პოლიტიკა; მიგრაციის პოლიტიკა
942 ## - ADDED ENTRY ELEMENTS (KOHA)
Koha item type წიგნი
ეგზემპლარები
Withdrawn status Lost status Damaged status Not for loan Date acquired Barcode Date last seen Price effective from Koha item type
        2018-12-17 31576 2018-12-17 2018-12-17 წიგნი
        2018-12-17 31577 2018-12-17 2018-12-17 წიგნი
        2018-12-17 31578 2018-12-17 2018-12-17 წიგნი
        2018-12-17 31579 2018-12-17 2018-12-17 წიგნი
        2018-12-17 31580 2018-12-17 2018-12-17 წიგნი